[Event "DEN-ch 1990"]
[Site "Randers"]
[Date "1990.04.12"]
[Round "7"]
[White "Jacobsen, Bo"]
[Black "Christensen, Jan"]
[Result "1/2-1/2"]
[WhiteElo "2295"]
[BlackElo "2275"]
[PlyCount "139"]
[EventDate "1990.??.??"]

1. Nf3 Nf6 2. g3 g6 3. Bg2 Bg7 4. O-O O-O 5. b3 c5 6. Bb2 d5 7. c4 d4 8. b4 Nc6
9. b5 Na5 10. d3 Ne8 11. Nbd2 Rb8 12. Re1 b6 13. Nb3 Nb7 14. Qc2 e5 15. e3 f6
16. exd4 cxd4 17. a4 Nc5 18. a5 Rf7 19. Nxc5 bxc5 20. a6 Be6 21. Nd2 Rc7 22. f4
Nd6 23. fxe5 fxe5 24. Bc1 Nf5 25. Nf1 Qd6 26. Bg5 Rf7 27. Qe2 Rbf8 28. g4 Ne3
29. Nxe3 dxe3 30. Be4 Rf2 31. Qxe3 Bxg4 32. Qxf2 Rxf2 33. Kxf2 Bf5 34. Rad1 h6
35. Be3 Qf6 36. Kg2 Bf8 37. Rb1 Qb6 38. Kg1 Be7 39. Bf2 Bd6 40. Bd5+ Kg7 41.
Re3 h5 42. Bg3 Qa5 43. Rbe1 Kh6 44. Kg2 Bg4 45. Be4 Be7 46. Bf3 Bg5 47. R3e2 e4
48. Bxe4 Bxe2 49. Rxe2 Bf6 50. Be1 Qd8 51. Bf2 Be7 52. Bd5 Bd6 53. Re6 Kg7 54.
Be4 Qg5+ 55. Kh1 Qf4 56. Rxg6+ Kf7 57. Bg1 Bc7 58. b6 Bb8 59. b7 h4 60. Rg2 Qe5
61. Bd5+ Kf6 62. Rg8 Qd6 63. Rxb8 Qxb8 64. Bxc5 Kf5 65. Be4+ Kg4 66. Bg1 Qf4
67. Bxa7 Qf1+ 68. Bg1 Kh3 69. a7 Qf3+ 70. Bxf3 1/2-1/2

[Event "DEN-ch 1990"]
[Site "Randers"]
[Date "1990.04.12"]
[Round "7"]
[White "Larsen, Steen Skovlund"]
[Black "Pedersen, Finn"]
[Result "1/2-1/2"]
[WhiteElo "2365"]
[BlackElo "2300"]
[PlyCount "141"]
[EventDate "1990.??.??"]

1. c4 c6 2. d4 d5 3. e3 Nf6 4. Nc3 g6 5. Nf3 Bg7 6. Bd3 Bg4 7. h3 Bxf3 8. Qxf3
O-O 9. O-O e6 10. Rd1 Nbd7 11. Rb1 Qe7 12. b3 h6 13. Bf1 Rfd8 14. Bb2 Nh7 15.
Qg3 Ndf6 16. f4 Nh5 17. Qf2 f5 18. c5 Bf6 19. g3 Kh8 20. Be2 Rg8 21. Kh2 Ng7
22. Bf3 g5 23. Ne2 Qc7 24. Bc3 Raf8 25. b4 a6 26. a4 Ra8 27. Rb2 Rgb8 28. Rdb1
Be7 29. Nc1 Nf6 30. Nd3 h5 31. Ne5 g4 32. hxg4 fxg4 33. Bg2 Nf5 34. Kg1 b5 35.
Ra1 Kg7 36. Rba2 Qb7 37. Be1 Bd8 38. axb5 axb5 39. Ra3 Rxa3 40. Rxa3 Ra8 41.
Qa2 Rxa3 42. Qxa3 Bc7 43. Kh2 Bxe5 44. dxe5 Ne4 45. Qd3 Qa7 46. Bxe4 dxe4 47.
Qd2 Kf7 48. Qd8 Qa2+ 49. Kg1 Qd5 50. Qf6+ Kg8 51. Qg6+ Ng7 52. Bf2 Qd1+ 53. Kg2
Qf3+ 54. Kg1 Qd1+ 55. Kg2 Qd7 56. Qxe4 Nf5 57. Qc2 h4 58. e4 h3+ 59. Kh2 Nh6
60. Be3 Qa7 61. f5 Nf7 62. Bf4 Qd7 63. Qa2 Nd8 64. Bg5 Kf8 65. Qe2 Nf7 66. Qxg4
Qd4 67. f6 Qf2+ 68. Kxh3 Qf1+ 69. Kh2 Qf2+ 70. Kh3 Qf1+ 71. Kh2 1/2-1/2

[Event "DEN-ch 1990"]
[Site "Randers"]
[Date "1990.04.12"]
[Round "7"]
[White "Nielsen, Uffe V"]
[Black "Christensen, Tobias"]
[Result "1/2-1/2"]
[WhiteElo "2285"]
[BlackElo "2255"]
[PlyCount "32"]
[EventDate "1990.??.??"]

1. e4 e5 2. Nf3 Nf6 3. Nxe5 d6 4. Nf3 Nxe4 5. d4 d5 6. Bd3 Bd6 7. O-O Bg4 8. c4
O-O 9. cxd5 f5 10. Nc3 Nd7 11. h3 Bh5 12. Nxe4 fxe4 13. Bxe4 Nf6 14. Bf5 Kh8
15. Qd3 Nxd5 16. Bg5 Nf4 1/2-1/2

[Event "DEN-ch 1990"]
[Site "Randers"]
[Date "1990.04.13"]
[Round "8"]
[White "Christensen, Jan"]
[Black "Kroll, Ove"]
[Result "1/2-1/2"]
[WhiteElo "2275"]
[BlackElo "2340"]
[PlyCount "121"]
[EventDate "1990.??.??"]

1. e4 e6 2. Nf3 d5 3. e5 Bd7 4. d4 a6 5. a4 c5 6. c3 Nc6 7. Bd3 cxd4 8. cxd4
Nb4 9. Be2 Ne7 10. O-O Nf5 11. Bg5 Be7 12. Bxe7 Qxe7 13. Qd2 h5 14. Ra3 Rc8 15.
Ne1 g6 16. Nc3 Kf8 17. Nd1 Kg7 18. Ne3 a5 19. Bd1 b5 20. Nxf5+ exf5 21. axb5
Bxb5 22. Be2 Bxe2 23. Qxe2 Rc4 24. Nf3 Nc6 25. Rd1 Rb8 26. Rc3 Rbb4 27. Rxc4
Rxc4 28. h4 a4 29. Rd2 f4 30. Rd1 Nd8 31. Ng5 Ne6 32. Qf3 Nxg5 33. hxg5 Qxg5
34. Qxd5 Rb4 35. Qe4 Rxb2 36. d5 Qg4 37. Re1 f3 38. Qxf3 Qxf3 39. gxf3 Rd2 40.
d6 Rd4 41. Re3 g5 42. Kg2 Rd5 43. Kg3 h4+ 44. Kg4 Kg6 45. e6 Rd4+ 46. f4 Rxf4+
47. Kh3 fxe6 48. Rxe6+ Kf5 49. d7 Rd4 50. Ra6 Rxd7 51. Rxa4 Rd3+ 52. Kg2 h3+
53. Kh2 g4 54. Rb4 Kg5 55. Ra4 Rd1 56. Ra8 Rf1 57. Rf8 Kh4 58. Rh8+ Kg5 59. Rf8
Ra1 60. Rf7 Ra5 61. Kg3 1/2-1/2

[Event "DEN-ch 1990"]
[Site "Randers"]
[Date "1990.04.13"]
[Round "8"]
[White "Christensen, Tobias"]
[Black "Pedersen, Erik"]
[Result "1/2-1/2"]
[WhiteElo "2255"]
[BlackElo "2415"]
[PlyCount "145"]
[EventDate "1990.??.??"]

1. e4 c6 2. Nc3 d5 3. Nf3 dxe4 4. Nxe4 Nf6 5. Qe2 Nxe4 6. Qxe4 Nd7 7. Bc4 Nf6
8. Ne5 e6 9. Qe2 Be7 10. c3 O-O 11. d4 Nd7 12. O-O Nxe5 13. dxe5 b6 14. Bd3 Qc7
15. Qe4 g6 16. Bh6 Rd8 17. f4 Bb7 18. Qe2 c5 19. Rae1 Qc6 20. Rf3 c4 21. Bxc4
Qc5+ 22. Re3 Qxe3+ 23. Qxe3 Bc5 24. f5 Bxe3+ 25. Bxe3 Bd5 26. Bxd5 Rxd5 27.
fxg6 Rxe5 28. gxf7+ Kxf7 29. Kf2 Rd8 30. Ke2 Red5 31. Rf1+ Rf5 32. Rg1 h5 33.
g3 e5 34. h3 Rh8 35. Rg2 Ke6 36. Rg1 Rf7 37. Rg2 b5 38. Rg1 Kd5 39. Bf2 Ke4 40.
Rd1 Rf3 41. Rg1 a5 42. Rg2 Rh6 43. Rh2 Rc6 44. g4 hxg4 45. hxg4 b4 46. Be1 Re3+
47. Kd1 Rd6+ 48. Bd2 bxc3 49. bxc3 Rg3 50. Re2+ Kd5 51. g5 Rc6 52. Kc2 e4 53.
Be3 Kc4 54. Bd4 Re6 55. Be3 Rh3 56. Kd2 Rh1 57. Kc2 Rh3 58. Kd2 a4 59. Rg2 Rd6+
60. Ke2 Rg6 61. Bd4 Rf3 62. Rg4 Kd5 63. Rg1 Ke6 64. Be3 Rh3 65. Rg2 Rh8 66. Bd4
Rhg8 67. Ke3 Rxg5 68. Rxg5 Rxg5 69. Kxe4 a3 70. Kd3 Kd5 71. c4+ Kc6 72. Kc3
Rg3+ 73. Kb4 1/2-1/2

[Event "DEN-ch 1990"]
[Site "Randers"]
[Date "1990.04.13"]
[Round "8"]
[White "Larsen, Steen Skovlund"]
[Black "Jacobsen, Bo"]
[Result "1/2-1/2"]
[WhiteElo "2365"]
[BlackElo "2295"]
[PlyCount "23"]
[EventDate "1990.??.??"]

1. d4 Nf6 2. c4 d6 3. Nc3 g6 4. e4 Bg7 5. f3 O-O 6. Nge2 c5 7. d5 e6 8. Bg5 h6
9. Be3 exd5 10. cxd5 h5 11. Qd2 Re8 12. Nc1 1/2-1/2

[Event "DEN-ch 1990"]
[Site "Randers"]
[Date "1990.04.13"]
[Round "8"]
[White "Nielsen, Peter Heine"]
[Black "Hoiberg, Nina"]
[Result "1-0"]
[WhiteElo "2280"]
[BlackElo "2280"]
[PlyCount "97"]
[EventDate "1990.??.??"]

1. d4 Nf6 2. c4 c5 3. Nf3 g6 4. Nc3 Bg7 5. e4 O-O 6. Be2 d6 7. O-O e6 8. d5 Re8
9. Nd2 Na6 10. Re1 Nc7 11. a4 b6 12. Nf1 exd5 13. exd5 a6 14. Ng3 Bb7 15. Bf4
b5 16. Qd2 Qd7 17. Bf1 bxc4 18. Bxc4 Ng4 19. Nge4 Ne5 20. Ba2 Qg4 21. Bg3 Qd7
22. Re2 a5 23. Rae1 Ba6 24. Nxc5 dxc5 25. Rxe5 Bxe5 26. Bxe5 Rxe5 27. Rxe5 Qd6
28. f4 c4 29. Qd4 Ne6 30. Qe3 Nc5 31. Bb1 Rb8 32. Re8+ Rxe8 33. Qxe8+ Kg7 34.
Qe5+ Qxe5 35. fxe5 Nd7 36. Kf2 Nxe5 37. Ke3 f5 38. Kd4 Nd7 39. Ba2 Kf6 40. Bxc4
Bxc4 41. Kxc4 f4 42. b4 Nb6+ 43. Kb5 axb4 44. Kxb4 Ke5 45. a5 Nc8 46. Kc5 g5
47. a6 g4 48. d6 Ke6 49. Ne2 1-0

[Event "DEN-ch 1990"]
[Site "Randers"]
[Date "1990.04.14"]
[Round "9"]
[White "Hoiberg, Nina"]
[Black "Christensen, Tobias"]
[Result "1-0"]
[WhiteElo "2280"]
[BlackElo "2255"]
[PlyCount "193"]
[EventDate "1990.??.??"]

1. e4 e5 2. Nf3 Nf6 3. Nc3 Bb4 4. Bc4 O-O 5. d3 d5 6. exd5 Nxd5 7. Bd2 Nf4 8.
O-O Bg4 9. a3 Bd6 10. Ne4 Nc6 11. c3 Qd7 12. Nxd6 Qxd6 13. Bxf4 exf4 14. d4
Rae8 15. Qd3 Qf6 16. Rfe1 g5 17. Rxe8 Rxe8 18. Re1 Re7 19. Rxe7 Qxe7 20. h3 Bd7
21. b4 a6 22. a4 Kg7 23. b5 axb5 24. axb5 Nd8 25. Bb3 f6 26. Bc2 Kh8 27. c4 Be8
28. Qc3 Nf7 29. Bd3 Nd6 30. d5 b6 31. Nxg5 Qe5 32. Qxe5 fxe5 33. Ne6 Bg6 34.
Be2 Ne8 35. g3 Bf5 36. gxf4 exf4 37. Kg2 Be4+ 38. f3 Bf5 39. Nxf4 Nd6 40. Kf2
Kg7 41. Ke3 Kf6 42. Kd4 Kg5 43. Ne6+ Kf6 44. Nxc7 Bxh3 45. c5 bxc5+ 46. Kxc5
Ke7 47. f4 Kd7 48. b6 Nb7+ 49. Kd4 Nd6 50. Nb5 Nb7 51. Ke5 Nc5 52. Nd4 Kc8 53.
Kd6 Ne4+ 54. Ke7 Kb7 55. d6 Kxb6 56. f5 Nc5 57. d7 Nxd7 58. Kxd7 Kc5 59. Ke7
Bxf5 60. Nxf5 Kd5 61. Kf6 Ke4 62. Bh5 Kf4 63. Nh6 Ke4 64. Bf7 Kf4 65. Bd5 Ke3
66. Ke5 Kd3 67. Bg8 Kc3 68. Kd5 Kd3 69. Bxh7+ Kc3 70. Kc5 Kb3 71. Nf7 Kc3 72.
Nd6 Kb3 73. Nb5 Ka2 74. Kc4 Kb2 75. Bg6 Ka1 76. Kc3 Ka2 77. Nd4 Ka1 78. Nb3+
Ka2 79. Bf5 Ka3 80. Bb1 Ka4 81. Nd4 Ka5 82. Kc4 Kb6 83. Nb5 Kc6 84. Bf5 Kb6 85.
Be4 Ka5 86. Kc5 Ka4 87. Bc2+ Ka5 88. Bd1 Ka6 89. Nd6 Ka5 90. Nb7+ Ka6 91. Kc6
Ka7 92. Kc7 Ka6 93. Be2+ Ka7 94. Nd6 Ka8 95. Bf1 Ka7 96. Nc8+ Ka8 97. Bg2# 1-0

[Event "DEN-ch 1990"]
[Site "Randers"]
[Date "1990.04.14"]
[Round "9"]
[White "Kroll, Ove"]
[Black "Larsen, Steen Skovlund"]
[Result "1-0"]
[WhiteElo "2340"]
[BlackElo "2365"]
[PlyCount "77"]
[EventDate "1990.??.??"]

1. c4 Nf6 2. Nc3 g6 3. e4 d6 4. d4 Bg7 5. f3 O-O 6. Be3 Nbd7 7. Nh3 e5 8. d5
Nh5 9. Qc2 h6 10. O-O-O f5 11. Kb1 Ndf6 12. Nf2 a6 13. exf5 gxf5 14. Bd3 Qd7
15. g4 e4 16. gxh5 exd3 17. Nxd3 Nxh5 18. Nf4 Nxf4 19. Bxf4 b5 20. Rhg1 Kh7 21.
c5 Qe7 22. c6 b4 23. Ne2 Qf7 24. Bc1 a5 25. Nf4 a4 26. Rg6 Rg8 27. Rdg1 Ba6 28.
Qg2 a3 29. Qh3 b3 30. axb3 Bd3+ 31. Nxd3 a2+ 32. Kc2 Qxg6 33. Rxg6 Kxg6 34.
Nf4+ Kf6 35. Qh4+ Kf7 36. Qh5+ Ke7 37. Qxf5 Rae8 38. Qe6+ Kd8 39. Qd7# 1-0

[Event "DEN-ch 1990"]
[Site "Randers"]
[Date "1990.04.14"]
[Round "9"]
[White "Nielsen, Uffe V"]
[Black "Christensen, Jan"]
[Result "1-0"]
[WhiteElo "2285"]
[BlackElo "2275"]
[PlyCount "93"]
[EventDate "1990.??.??"]

1. e4 e5 2. Nf3 Nc6 3. Bc4 Bc5 4. c3 Nf6 5. d3 a6 6. Bb3 d6 7. Nbd2 Ba7 8. O-O
O-O 9. h3 Ne7 10. Re1 Ng6 11. Nf1 c6 12. Ng3 Be6 13. d4 Bxb3 14. Qxb3 Qc7 15.
Bg5 Nd7 16. Rad1 Rae8 17. Nf5 b5 18. h4 Re6 19. g3 h6 20. h5 Nh8 21. Bh4 Kh7
22. d5 cxd5 23. exd5 Rf6 24. Bxf6 Nxf6 25. Qc2 g6 26. hxg6+ fxg6 27. Ne3 Qd7
28. Kg2 Ng4 29. Qe4 Nf6 30. Qh4 Nh5 31. Rh1 Kg7 32. Qg4 Qxg4 33. Nxg4 Nf7 34.
a4 Rc8 35. axb5 Rc4 36. Ne3 Bxe3 37. fxe3 axb5 38. Rh4 Rc5 39. Rb4 Nf6 40. e4
Ng4 41. Re1 Kf6 42. Nd2 Ng5 43. Nb3 Rc7 44. Rxb5 Kg7 45. Na5 Rc8 46. Rb7+ Kh8
47. Nc6 1-0

[Event "DEN-ch 1990"]
[Site "Randers"]
[Date "1990.04.14"]
[Round "9"]
[White "Sogaard, Soren"]
[Black "Nielsen, Peter Heine"]
[Result "0-1"]
[WhiteElo "2340"]
[BlackElo "2280"]
[PlyCount "79"]
[EventDate "1990.??.??"]

1. e4 d5 2. exd5 Nf6 3. d4 Nxd5 4. Nf3 g6 5. Be2 Bg7 6. O-O O-O 7. Re1 c5 8.
dxc5 Na6 9. Bxa6 bxa6 10. a3 Bb7 11. c4 Nf6 12. Nc3 Qc7 13. Qe2 e6 14. Qe5 Qc8
15. Qg5 h6 16. Qh4 Bxf3 17. gxf3 Qxc5 18. Bxh6 Bxh6 19. Qxh6 Qf5 20. Re3 Rab8
21. b4 a5 22. b5 Rbc8 23. Ne4 Rfd8 24. Ng3 Qc2 25. Ne4 Nxe4 26. fxe4 Rd1+ 27.
Rxd1 Qxd1+ 28. Kg2 Qg4+ 29. Kf1 Rd8 30. Re1 Rd3 31. Re3 Rd2 32. c5 Qd1+ 33. Kg2
Qg4+ 34. Kf1 g5 35. h3 Qf4 36. Re2 Rd3 37. Qh5 Kf8 38. c6 Qh2 39. Qh6+ Ke8 40.
f3 0-1

[Event "DEN-ch 1990"]
[Site "Randers"]
[Date "1990.04.15"]
[Round "10"]
[White "Christensen, Jan"]
[Black "Pedersen, Erik"]
[Result "0-1"]
[WhiteElo "2275"]
[BlackElo "2415"]
[PlyCount "60"]
[EventDate "1990.??.??"]

1. d4 Nf6 2. Nf3 d6 3. Nc3 Bg4 4. e4 e6 5. h3 Bh5 6. Be2 Be7 7. O-O O-O 8. Bg5
Nbd7 9. Re1 c6 10. e5 Nd5 11. Bxe7 Qxe7 12. Nxd5 cxd5 13. exd6 Qxd6 14. Ne5
Bxe2 15. Qxe2 Nf6 16. Rad1 Rac8 17. c3 Rc7 18. Qe3 b5 19. a3 a5 20. Rd3 Rfc8
21. Qg5 Ne4 22. Qh5 b4 23. axb4 axb4 24. Rf3 f6 25. Ng4 bxc3 26. bxc3 Qe7 27.
Ne3 Qf7 28. Qxf7+ Kxf7 29. Nc2 Nxc3 30. Ne3 Nb5 0-1

[Event "DEN-ch 1990"]
[Site "Randers"]
[Date "1990.04.15"]
[Round "10"]
[White "Christensen, Tobias"]
[Black "Sogaard, Soren"]
[Result "1-0"]
[WhiteElo "2255"]
[BlackElo "2340"]
[PlyCount "67"]
[EventDate "1990.??.??"]

1. e4 c5 2. c3 e5 3. Nf3 Nc6 4. Bc4 Qc7 5. O-O d6 6. h3 a6 7. Qe2 Be7 8. Rd1
Nf6 9. d4 cxd4 10. cxd4 exd4 11. Bf4 O-O 12. Nxd4 b5 13. Bb3 Nxd4 14. Rxd4 Be6
15. Nc3 Nd7 16. Nd5 Bxd5 17. Rxd5 Ne5 18. Rad1 Rfd8 19. Bd2 Nd7 20. Bc3 Nc5 21.
Qg4 g6 22. Bc2 Ne6 23. a3 Bf8 24. Bb3 Bg7 25. Bxg7 Kxg7 26. Qg3 Rac8 27. Rxd6
Rxd6 28. Qe5+ Kf8 29. Rxd6 Nc5 30. Qh8+ Ke7 31. Qf6+ Ke8 32. Bd5 Qe7 33. Bc6+
Rxc6 34. Qh8+ 1-0

[Event "DEN-ch 1990"]
[Site "Randers"]
[Date "1990.04.15"]
[Round "10"]
[White "Larsen, Steen Skovlund"]
[Black "Nielsen, Uffe V"]
[Result "1/2-1/2"]
[WhiteElo "2365"]
[BlackElo "2285"]
[PlyCount "30"]
[EventDate "1990.??.??"]

1. Nf3 c5 2. c4 Nf6 3. Nc3 Nc6 4. g3 g6 5. Bg2 Bg7 6. d4 cxd4 7. Nxd4 O-O 8.
O-O Ng4 9. e3 d6 10. Nce2 Bd7 11. b3 Nxd4 12. Nxd4 Rb8 13. Bb2 Qa5 14. a4 Rfc8
15. Qe2 Ne5 1/2-1/2

[Event "DEN-ch 1990"]
[Site "Randers"]
[Date "1990.04.15"]
[Round "10"]
[White "Pedersen, Finn"]
[Black "Nielsen, Peter Heine"]
[Result "1/2-1/2"]
[WhiteElo "2300"]
[BlackElo "2280"]
[PlyCount "121"]
[EventDate "1990.??.??"]

1. d4 g6 2. c3 Bg7 3. Bf4 Nf6 4. h3 b6 5. Nf3 Bb7 6. Nbd2 O-O 7. e3 d6 8. Bc4
c5 9. O-O Nbd7 10. Qb3 Rb8 11. a4 a6 12. Rfd1 h6 13. Bh2 Qe8 14. Rac1 e5 15.
dxe5 dxe5 16. Qa2 Qe7 17. Qb1 b5 18. axb5 axb5 19. Bf1 Bc6 20. e4 Ra8 21. c4 b4
22. Bd3 h5 23. Ng5 Bh6 24. f4 exf4 25. Bxf4 Ng4 26. Ndf3 Nge5 27. h4 Nxf3+ 28.
gxf3 f6 29. Nh3 Bxf4 30. Nxf4 Qe5 31. Ng2 f5 32. Rf1 Qg3 33. exf5 Ne5 34. Be4
Rad8 35. Rf2 Bxe4 36. Qxe4 Nd3 37. Qe6+ Kh8 38. Rd2 Ne1 39. Rf2 Nd3 40. Rd2
Rde8 41. Rxd3 Rxe6 42. fxe6 Qe5 43. Re1 Qb8 44. e7 Re8 45. b3 Qc7 46. Rde3 Kh7
47. Re5 Kh6 48. R1e3 Qd6 49. Kf2 Qc7 50. f4 Qd7 51. Re6 Qd1 52. R6e5 Qd6 53.
Ne1 Qd2+ 54. Kg3 Qd1 55. Nf3 Qc2 56. Rxc5 Qb2 57. Rce5 Qc1 58. c5 Qc2 59. Rg5
Rxe7 60. Rxe7 Qh2+ 61. Nxh2 1/2-1/2

[Event "DEN-ch 1990"]
[Site "Randers"]
[Date "1990.04.16"]
[Round "11"]
[White "Hoiberg, Nina"]
[Black "Christensen, Jan"]
[Result "0-1"]
[WhiteElo "2280"]
[BlackElo "2275"]
[PlyCount "94"]
[EventDate "1990.??.??"]

1. e4 e5 2. Nc3 Nc6 3. g3 Nf6 4. Bg2 Bc5 5. Nge2 d6 6. O-O Bg4 7. h3 Be6 8. d3
Qd7 9. Kh2 h5 10. f4 Ng4+ 11. Kh1 f6 12. f5 Bf7 13. Qe1 Nb4 14. Rb1 Nxc2 15.
Qd2 Nce3 16. Rf3 Bb6 17. a4 a5 18. b4 Qc6 19. bxa5 Rxa5 20. Rb5 Rxb5 21. axb5
Qc5 22. Qb2 d5 23. Na4 Qd6 24. Nxb6 Qxb6 25. Qa1 Kd7 26. Bd2 Qc5 27. d4 exd4
28. Nxd4 Nc2 29. Nxc2 Qxc2 30. Bf4 Nf2+ 31. Kh2 Nxh3 32. Kh1 Nf2+ 33. Kg1 Nxe4
34. Rf1 Qc5+ 35. Kh2 Nd6 36. Rc1 Qxb5 37. Qa3 Qa6 38. Qb4 h4 39. Bf1 Qb6 40.
Bb5+ Ke7 41. Bxd6+ cxd6 42. Qe1+ Kd8 43. Ra1 Kc7 44. gxh4 Kb8 45. Bd7 Qb2+ 46.
Kg1 Qd4+ 47. Kf1 Qxh4 0-1

[Event "DEN-ch 1990"]
[Site "Randers"]
[Date "1990.04.16"]
[Round "11"]
[White "Nielsen, Peter Heine"]
[Black "Christensen, Tobias"]
[Result "0-1"]
[WhiteElo "2280"]
[BlackElo "2255"]
[PlyCount "116"]
[EventDate "1990.??.??"]

1. d4 Nf6 2. c4 e6 3. Nc3 Bb4 4. f3 Nh5 5. Nh3 c5 6. d5 Qh4+ 7. g3 Qxc4 8. Bd2
Bxc3 9. Bxc3 Qxd5 10. Qc2 e5 11. Qf5 Nf6 12. Qxe5+ Qxe5 13. Bxe5 d5 14. Bxf6
gxf6 15. Nf4 Be6 16. O-O-O d4 17. e3 dxe3 18. Bb5+ Nc6 19. Bxc6+ bxc6 20. Nxe6
fxe6 21. Rd6 Kf7 22. Rxc6 Rhc8 23. Ra6 Rd8 24. Re1 Rd3 25. Ra4 f5 26. Rh4 Rh8
27. Ra4 Ra8 28. Rh4 Rh8 29. Ra4 Rhd8 30. Rxa7+ Kf6 31. Rxh7 R8d4 32. Kc2 Rd2+
33. Kc3 R2d3+ 34. Kc2 Rd2+ 35. Kc3 e2 36. Rh4 R2d3+ 37. Kc2 Rd2+ 38. Kc3 R4d3+
39. Kc4 Rxf3 40. Rf4 Rc2+ 41. Kb5 Rxb2+ 42. Kxc5 Rxf4 43. gxf4 Rxa2 44. Kd4 Ra3
45. Rxe2 Rf3 46. Ra2 Rxf4+ 47. Ke3 Rb4 48. Kf3 Rb3+ 49. Kg2 e5 50. h4 Kg6 51.
Ra6+ Kh5 52. Rf6 Kg4 53. h5 Rb2+ 54. Kg1 Rb1+ 55. Kg2 Rb2+ 56. Kg1 Kg5 57. Re6
e4 58. h6 Rb7 0-1